[Event "Open de Brest"]
[Site "Brest"]
[Date "2009.04.11"]
[Round "2.6"]
[White "Urcun, Gael"]
[Black "Tafforeau, Romain"]
[Result "0-1"]
[WhiteElo "1700"]
[BlackElo "1982"]
[PlyCount "164"]
[EventDate "2009.04.15"]
[EventType "swiss"]
[EventRounds "7"]
[EventCountry "FRA"]

1. e4 c5 2. Nc3 d6 3. g3 g6 4. d3 Bg7 5. Bg2 Nc6 6. Be3 e6 7. Qd2 Nge7 8. Nf3
O-O 9. Bh6 d5 10. Bxg7 Kxg7 11. h4 h5 12. O-O b6 13. Rfe1 Bb7 14. Re2 Qd7 15.
Rae1 d4 16. Nd1 Rac8 17. Ng5 f6 18. Nh3 e5 19. f4 Rce8 20. Rf2 Bc8 21. Kh2 Qd6
22. Ref1 f5 23. Ng5 Bd7 24. Bh3 a6 25. exf5 Nxf5 26. Ne4 Qe7 27. Ng5 exf4 28.
Rxf4 Qe2+ 29. R4f2 Qxd2 30. Rxd2 Ne5 31. Bxf5 Bxf5 32. Nf2 Re7 33. Kg2 Bc8 34.
Nfe4 Rxf1 35. Kxf1 Bb7 36. Rf2 Ng4 37. Rd2 Ne3+ 38. Ke1 Bxe4 39. Nxe4 Rf7 40.
a4 Rf1+ 41. Ke2 Ra1 42. b3 Kf7 43. Nd6+ Ke6 44. Nc8 Nd5 45. Kf3 Kd7 46. Ke4
Nc3+ 47. Ke5 Kxc8 48. Rf2 Rg1 49. Kd6 a5 50. Rf8+ Kb7 51. Rf7+ Ka6 52. Kc6 Re1
53. Rf8 Re6+ 54. Kc7 Re7+ 55. Kc6 Re6+ 56. Kc7 Ka7 57. Kd7 Re3 58. Kc6 Re7 59.
Rf6 Rg7 60. Kd6 Kb7 61. Ke6 Kc7 62. Rf7+ Rxf7 63. Kxf7 Ne2 64. Kxg6 Nxg3 65.
Kg5 Kd6 66. Kf4 Ne2+ 67. Kg5 Ke5 68. Kxh5 Kf4 69. Kg6 Ng3 70. Kf6 Kf3 71. Kg6
Kg4 72. Kf6 Nf1 73. Ke6 Ne3 74. Kd6 Nxc2 75. Kc6 Ne1 76. Kxb6 Nxd3 77. Kxa5 Nb2
78. b4 d3 79. bxc5 d2 80. c6 d1=Q 81. c7 Qd7 82. Kb6 Nxa4+ 0-1

[Event "Open de Brest"]
[Site "Brest"]
[Date "2009.04.11"]
[Round "2.7"]
[White "Desbois, Antoine"]
[Black "Gac, Jean Luc"]
[Result "1/2-1/2"]
[WhiteElo "1956"]
[BlackElo "1700"]
[PlyCount "98"]
[EventDate "2009.04.15"]
[EventType "swiss"]
[EventRounds "7"]
[EventCountry "FRA"]

1. e4 c5 2. f4 d5 3. exd5 Qxd5 4. Nc3 Qe6+ 5. Be2 Bd7 6. Nf3 Bc6 7. O-O Nf6 8.
d4 cxd4 9. Qxd4 Qd6 10. Qc4 e6 11. Be3 Qb4 12. f5 Qxc4 13. Bxc4 Bxf3 14. Rxf3
e5 15. Nb5 Na6 16. Re1 e4 17. Bd4 Rc8 18. Bxf6 Rxc4 19. Bd4 Rxc2 20. Rxe4+ Kd7
21. Bc3 Bc5+ 22. Kf1 Rd8 23. Re1 Kc6 24. a4 Nc7 25. Na3 Bxa3 26. bxa3 g6 27.
fxg6 fxg6 28. Bb4 Rd7 29. Rf6+ Kd5 30. Rd1+ Ke5 31. Rxd7 Kxf6 32. Rxh7 Nd5 33.
Rh3 b6 34. Rd3 Ke5 35. a5 Ke4 36. Rg3 Ne3+ 37. Ke1 Nxg2+ 38. Kd1 Ra2 39. axb6
axb6 40. Rxg6 Ne3+ 41. Kc1 Rxh2 42. Rxb6 Kd3 43. Rd6+ Kc4 44. Rd2 Rxd2 45. Kxd2
Nd5 46. Bf8 Nb6 47. Kc2 Kb5 48. Kb3 Na4 49. Bb4 Nb6 1/2-1/2

[Event "Open de Brest"]
[Site "Brest"]
[Date "2009.04.11"]
[Round "2.8"]
[White "Castel, Efflam"]
[Black "Kerbaol, Jacques"]
[Result "1-0"]
[WhiteElo "1894"]
[BlackElo "1694"]
[PlyCount "87"]
[EventDate "2009.04.15"]
[EventType "swiss"]
[EventRounds "7"]
[EventCountry "FRA"]

1. e4 e5 2. Nf3 Nc6 3. d4 exd4 4. Nxd4 Bc5 5. Be3 Qf6 6. c3 Nge7 7. Bc4 O-O 8.
O-O Nxd4 9. cxd4 Bb6 10. Nc3 d6 11. Qd2 h6 12. f4 c6 13. e5 dxe5 14. fxe5 Qg6
15. Bd3 Bf5 16. Rxf5 Nxf5 17. Rf1 Nxe3 18. Bxg6 Nxf1 19. Kxf1 fxg6+ 20. Ke1
Rad8 21. Ne2 Rfe8 22. Qf4 Rd7 23. Qg4 Ba5+ 24. Kf2 Rf7+ 25. Ke3 Bb6 26. Ke4 g5
27. Kd3 c5 28. e6 Rfe7 29. d5 Bc7 30. g3 b5 31. Nc3 a6 32. a4 c4+ 33. Kd4 Bb6+
34. Ke5 Bc7+ 35. d6 Rxe6+ 36. Qxe6+ Rxe6+ 37. Kxe6 Ba5 38. axb5 axb5 39. Nxb5
Kf8 40. Kd7 Bb4 41. Kc7 Ba5+ 42. Kc8 g4 43. Nc7 g5 44. d7 1-0

[Event "Open de Brest"]
[Site "Brest"]
[Date "2009.04.12"]
[Round "3.1"]
[White "Castel, Efflam"]
[Black "Todoran, Ion George"]
[Result "1/2-1/2"]
[WhiteElo "1894"]
[BlackElo "2195"]
[PlyCount "25"]
[EventDate "2009.04.15"]
[EventType "swiss"]
[EventRounds "7"]
[EventCountry "FRA"]

1. e4 c5 2. Nc3 e6 3. f4 d5 4. Nf3 Nc6 5. Bb5 Nf6 6. e5 Nd7 7. d4 Qb6 8. Be3 a6
9. Bxc6 bxc6 10. Na4 Qa5+ 11. c3 cxd4 12. b4 Qc7 13. Qxd4 1/2-1/2

[Event "Open de Brest"]
[Site "Brest"]
[Date "2009.04.12"]
[Round "3.2"]
[White "Serralta, Michel"]
[Black "Dupitier, Mickael"]
[Result "1-0"]
[WhiteElo "2125"]
[BlackElo "1844"]
[PlyCount "57"]
[EventDate "2009.04.15"]
[EventType "swiss"]
[EventRounds "7"]
[EventCountry "FRA"]

1. d4 d5 2. c4 c6 3. Nf3 Nf6 4. Nc3 e6 5. Bg5 dxc4 6. e4 b5 7. e5 h6 8. Bh4 g5
9. Nxg5 hxg5 10. Bxg5 Nbd7 11. g3 Nxe5 12. dxe5 Qxd1+ 13. Rxd1 Nd5 14. Nxd5
cxd5 15. h4 Bc5 16. Bg2 a5 17. h5 Bb7 18. h6 Rh7 19. Rh4 Be7 20. f4 Bf8 21. f5
Rc8 22. fxe6 fxe6 23. Bf3 Be7 24. Bh5+ Kd7 25. Bxe7 Kxe7 26. Bg6 Rhh8 27. h7 c3
28. bxc3 Rxc3 29. Rf4 1-0

[Event "Open de Brest"]
[Site "Brest"]
[Date "2009.04.12"]
[Round "3.4"]
[White "Guillerm, Mischa"]
[Black "Schmouchkovitch, Michel"]
[Result "1-0"]
[WhiteElo "1800"]
[BlackElo "1993"]
[PlyCount "109"]
[EventDate "2009.04.15"]
[EventType "swiss"]
[EventRounds "7"]
[EventCountry "FRA"]

1. e4 e6 2. d4 d5 3. Nd2 c5 4. Ngf3 cxd4 5. exd5 Qxd5 6. Bc4 Qd6 7. O-O Nf6 8.
Nb3 Nc6 9. Nbxd4 Nxd4 10. Nxd4 a6 11. c3 Qc7 12. Qe2 Bd6 13. h3 O-O 14. Bb3
Bh2+ 15. Kh1 Bf4 16. Nf3 b5 17. Bxf4 Qxf4 18. Ne5 Ne4 19. Nd3 Qh4 20. Qe3 Bb7
21. Rad1 Rfd8 22. Kg1 h6 23. Nc5 Nxc5 24. Qxc5 Qg5 25. Qxg5 hxg5 26. f3 Kf8 27.
Kf2 Ke7 28. Ke3 e5 29. Rc1 a5 30. a4 Bc6 31. axb5 Bxb5 32. c4 Bc6 33. Rfd1 Rxd1
34. Bxd1 Rb8 35. b3 Kd6 36. Ra1 Ra8 37. Bc2 Kc5 38. Be4 Bxe4 39. Kxe4 f6 40.
Ra4 Kb6 41. b4 Rd8 42. bxa5+ Ka6 43. c5 Kb5 44. Ra2 Kxc5 45. a6 Ra8 46. a7 Kc6
47. Kf5 Kb7 48. Ra4 Rxa7 49. Rxa7+ Kxa7 50. Kg6 Kb6 51. g4 Kc5 52. Kxg7 Kd4 53.
Kxf6 Ke3 54. Kxe5 Kxf3 55. Kf5 1-0

[Event "Open de Brest"]
[Site "Brest"]
[Date "2009.04.12"]
[Round "3.5"]
[White "Tafforeau, Romain"]
[Black "Gueguen, Ronan"]
[Result "1/2-1/2"]
[WhiteElo "1982"]
[BlackElo "1814"]
[PlyCount "149"]
[EventDate "2009.04.15"]
[EventType "swiss"]
[EventRounds "7"]
[EventCountry "FRA"]

1. d4 Nf6 2. c4 g6 3. Nc3 d5 4. Nf3 Bg7 5. Bg5 c6 6. e3 O-O 7. Bd3 a6 8. O-O b5
9. Bxf6 Bxf6 10. cxd5 cxd5 11. Qb3 e6 12. a4 bxa4 13. Nxa4 Nd7 14. Rfc1 Rb8 15.
Qc3 Be7 16. Qc7 Rb3 17. Qc2 Rb4 18. Qd2 Nb6 19. Nc3 Nc4 20. Bxc4 Rxc4 21. Ne5
Rc7 22. Na4 Bd7 23. Qa5 Bxa4 24. Qxa4 Rxc1+ 25. Rxc1 Qb6 26. Nd3 Qb7 27. Qc6
Qb3 28. Qc3 Qb5 29. Ra1 Qb7 30. b4 Rc8 31. Nc5 Qb5 32. Ra2 Bf8 33. g3 Qb6 34.
Qa3 Bxc5 35. dxc5 Qb5 36. Qxa6 Qxa6 37. Rxa6 Kf8 38. Kf1 Ke7 39. Ke2 Rb8 40.
Ra4 Kd7 41. Ra7+ Kc6 42. Rxf7 Rxb4 43. Rxh7 Kxc5 44. Rh6 e5 45. Rxg6 e4 46. h4
Rb2+ 47. Kf1 d4 48. exd4+ Kxd4 49. h5 e3 50. fxe3+ Kxe3 51. Rf6 Rh2 52. g4 Ke4
53. Rf2 Rh4 54. Rg2 Kf4 55. Kf2 Rh3 56. Ke2 Kg5 57. Kf1 Ra3 58. Kg1 Rh3 59. Rh2
Ra3 60. Rg2 Rh3 61. Kf2 Ra3 62. Rg3 Ra2+ 63. Kf3 Rb2 64. Rg2 Rb4 65. Rg1 Ra4
66. Rg3 Ra2 67. Ke4 Ra4+ 68. Ke5 Ra5+ 69. Ke4 Ra4+ 70. Kf3 Ra2 71. Rg2 Ra4 72.
Rh2 Rxg4 73. h6 Rf4+ 74. Ke3 Rf8 75. h7 1/2-1/2

[Event "Open de Brest"]
[Site "Brest"]
[Date "2009.04.12"]
[Round "3.6"]
[White "Le Marec, Stephane"]
[Black "Le Coz, Yannick"]
[Result "1-0"]
[WhiteElo "2063"]
[BlackElo "1651"]
[PlyCount "85"]
[EventDate "2009.04.15"]
[EventType "swiss"]
[EventRounds "7"]
[EventCountry "FRA"]

1. e4 e5 2. Nc3 c6 3. Nf3 d6 4. d4 exd4 5. Qxd4 c5 6. Qd1 Nc6 7. Bf4 a6 8. h3
Nf6 9. a4 Be7 10. Bc4 O-O 11. Qd3 Nb4 12. Qe2 Be6 13. O-O Bxc4 14. Qxc4 Nxc2
15. Rad1 Nb4 16. Bxd6 Bxd6 17. e5 Nd7 18. exd6 b6 19. Rfe1 Nc6 20. Qe4 Rc8 21.
Nd5 Re8 22. Qf5 Rxe1+ 23. Rxe1 g6 24. Qxd7 Kg7 25. Qxd8 Rxd8 26. Nxb6 Rxd6 27.
Nc4 Rd3 28. Nfe5 Nxe5 29. Rxe5 Rb3 30. Rxc5 Rb4 31. a5 h5 32. h4 Kf6 33. Kf1
Ke6 34. Ke2 Kd7 35. Kd3 f6 36. Kc3 Rb8 37. b4 Re8 38. Ne3 Kd6 39. g3 Re5 40.
Rc8 Ke7 41. Rc6 g5 42. Rxa6 gxh4 43. gxh4 1-0

[Event "Open de Brest"]
[Site "Brest"]
[Date "2009.04.12"]
[Round "3.7"]
[White "Gac, Jean Luc"]
[Black "Collin, Jean Philippe"]
[Result "0-1"]
[WhiteElo "1700"]
[BlackElo "1700"]
[PlyCount "82"]
[EventDate "2009.04.15"]
[EventType "swiss"]
[EventRounds "7"]
[EventCountry "FRA"]

1. e4 d5 2. exd5 Nf6 3. Nc3 Nxd5 4. Qf3 Nxc3 5. Qxc3 Nc6 6. Nf3 Bf5 7. Bb5 Qd5
8. Bxc6+ Qxc6 9. Qxc6+ bxc6 10. Nd4 Be4 11. f3 Bd5 12. d3 e5 13. Ne2 Bc5 14. a3
a5 15. c3 O-O 16. c4 Be6 17. Kd2 Rfd8 18. Kc2 Rd7 19. Rd1 Rad8 20. Ng3 Bxc4 21.
Bg5 Bxd3+ 22. Kb3 f6 23. Ne4 Be7 24. Bh4 g5 25. Be1 a4+ 26. Kc3 Bf1 27. Rxd7
Rxd7 28. g4 Be2 29. Nd2 e4 30. fxe4 Bxg4 31. Rc1 h5 32. h4 Be2 33. Nb1 Bb5 34.
Nd2 Rd3+ 35. Kc2 Rh3 36. hxg5 fxg5 37. Kd1 g4 38. Rc2 Rh1 39. Nb1 Bh4 40. Re2
Bxe2+ 41. Kxe2 Rxe1+ 0-1

[Event "Open de Brest"]
[Site "Brest"]
[Date "2009.04.12"]
[Round "3.8"]
[White "Pascal, Yann"]
[Black "Desbois, Antoine"]
[Result "1-0"]
[WhiteElo "1911"]
[BlackElo "1956"]
[PlyCount "45"]
[EventDate "2009.04.15"]
[EventType "swiss"]
[EventRounds "7"]
[EventCountry "FRA"]

1. e4 e5 2. Nf3 Nf6 3. Nc3 d6 4. d4 Bg4 5. dxe5 Bxf3 6. gxf3 dxe5 7. Qxd8+ Kxd8
8. Bc4 Nc6 9. Be3 Bd6 10. O-O-O Ke7 11. Rhg1 Na5 12. Be2 Rhg8 13. a3 h6 14. Nb5
Nc6 15. c4 Nd7 16. b4 b6 17. Rd5 Nd4 18. Nxd4 exd4 19. Rxd4 Bxh2 20. Rgd1 Bd6
21. f4 f6 22. Rd5 g5 23. c5 1-0

[Event "Open de Brest"]
[Site "Brest"]
[Date "2009.04.12"]
[Round "3.11"]
[White "Desgranges, Christophe"]
[Black "Lescop, Etienne"]
[Result "1/2-1/2"]
[WhiteElo "1730"]
[BlackElo "1620"]
[PlyCount "45"]
[EventDate "2009.04.15"]
[EventType "swiss"]
[EventRounds "7"]
[EventCountry "FRA"]

1. d4 e6 2. c4 b6 3. e4 Bb7 4. d5 Qh4 5. Bd3 Bc5 6. Qe2 Qf6 7. Nc3 Bd4 8. Bd2
Qd8 9. Nf3 Bc5 10. O-O Ne7 11. a3 a5 12. Bf4 Ng6 13. Bg3 Be7 14. Nb5 d6 15. b4
Nd7 16. Nbd4 e5 17. Nf5 O-O 18. Qd2 Bf6 19. Rab1 Ne7 20. N3h4 Ng6 21. Nf3 Ne7
22. N3h4 Ng6 23. Nf3 1/2-1/2

[Event "Open de Brest"]
[Site "Brest"]
[Date "2009.04.12"]
[Round "3.12"]
[White "Lefeuvre, Thierry"]
[Black "Gassert, Edine"]
[Result "0-1"]
[WhiteElo "1590"]
[BlackElo "1710"]
[PlyCount "116"]
[EventDate "2009.04.15"]
[EventType "swiss"]
[EventRounds "7"]
[EventCountry "FRA"]

1. d4 Nf6 2. c4 g6 3. Nc3 Bg7 4. e4 d6 5. Be3 O-O 6. Be2 Nbd7 7. Nf3 e5 8. Qd2
Ng4 9. Bg5 f6 10. Bh4 Re8 11. d5 a6 12. Ng1 Nf8 13. Bxg4 Bxg4 14. f3 Bd7 15.
Nge2 g5 16. Bf2 Ng6 17. O-O f5 18. exf5 Bxf5 19. Ne4 Bxe4 20. fxe4 Nf4 21. Ng3
h5 22. Nf5 Kh7 23. g3 Nh3+ 24. Kg2 g4 25. Be3 Bf6 26. Qe2 Bg5 27. Bg1 Rg8 28.
Be3 Rg6 29. Qd2 Bxe3 30. Qxe3 Ng5 31. Nh4 Rf6 32. Rxf6 Qxf6 33. Rf1 Qg7 34. Qf2
Kh8 35. Qf5 Rg8 36. Rf2 b6 37. Kf1 Qh6 38. Ke2 Nh3 39. Rf1 Qg5 40. Qf7 Nf4+ 41.
gxf4 Qxh4 42. Rf2 exf4 43. Qxf4 Qg5 44. Qxg5 Rxg5 45. Rf7 Rg7 46. Rf5 Rh7 47.
Rf8+ Kg7 48. Rf5 Kg6 49. Kf2 h4 50. Kg2 Rf7 51. Rxf7 Kxf7 52. b4 Kf6 53. h3 g3
54. Kf3 Ke5 55. a4 Kd4 56. a5 Kxc4 57. axb6 cxb6 58. e5 Kxd5 0-1

[Event "Open de Brest"]
[Site "Brest"]
[Date "2009.04.12"]
[Round "4.1"]
[White "Baudin, Frederic"]
[Black "Serralta, Michel"]
[Result "0-1"]
[WhiteElo "2089"]
[BlackElo "2125"]
[PlyCount "84"]
[EventDate "2009.04.15"]
[EventType "swiss"]
[EventRounds "7"]
[EventCountry "FRA"]

1. d4 Nf6 2. Nc3 d5 3. Bg5 h6 4. Bxf6 exf6 5. e3 c6 6. Qf3 Bd6 7. Nge2 f5 8.
Ng3 g6 9. h4 h5 10. Bd3 Nd7 11. Nge2 Nf6 12. Nf4 Ne4 13. Nce2 Qb6 14. O-O-O Qa5
15. Kb1 b5 16. Bxe4 fxe4 17. Qg3 Bf5 18. f3 O-O-O 19. Qf2 exf3 20. gxf3 Qc7 21.
Nd3 a5 22. Nef4 Rhe8 23. Qd2 Qb6 24. Rhe1 Re7 25. Re2 Rde8 26. Rde1 b4 27. Ka1
Qb5 28. Ng2 a4 29. Ndf4 b3 30. c3 bxa2 31. Rd1 Bxf4 32. Nxf4 Qb3 33. Rde1 a3
34. Qd1 Rb7 35. Rd2 Kd7 36. Ree2 Kc8 37. Re1 Kb8 38. Ree2 Ka8 39. Re1 Reb8 40.
Ree2 Qc4 41. Ng2 axb2+ 42. Rxb2 Qxe2 0-1

[Event "Open de Brest"]
[Site "Brest"]
[Date "2009.04.12"]
[Round "4.2"]
[White "Todoran, Ion George"]
[Black "Guillerm, Mischa"]
[Result "1-0"]
[WhiteElo "2195"]
[BlackElo "1800"]
[PlyCount "69"]
[EventDate "2009.04.15"]
[EventType "swiss"]
[EventRounds "7"]
[EventCountry "FRA"]

1. e4 c5 2. Nf3 d6 3. d4 cxd4 4. Nxd4 Nf6 5. Nc3 a6 6. Be3 e5 7. Nb3 Be6 8. f3
Be7 9. Qd2 O-O 10. O-O-O Nbd7 11. g4 b5 12. g5 Ne8 13. h4 b4 14. Nd5 a5 15. Kb1
Bxd5 16. exd5 Qb8 17. h5 a4 18. Nc1 Nc5 19. Rh4 b3 20. cxb3 axb3 21. a3 Nc7 22.
Rb4 Qd8 23. Nxb3 N7a6 24. Rb5 g6 25. Nxc5 Nxc5 26. Rxc5 dxc5 27. d6 Re8 28.
dxe7 Qxe7 29. hxg6 fxg6 30. Qd5+ Kh8 31. Bxc5 Qxg5 32. Bb5 Red8 33. Bd6 h5 34.
Bxe5+ Kh7 35. Qf7+ 1-0

[Event "Open de Brest"]
[Site "Brest"]
[Date "2009.04.12"]
[Round "4.3"]
[White "Gueguen, Ronan"]
[Black "Le Marec, Simon"]
[Result "0-1"]
[WhiteElo "1814"]
[BlackElo "2063"]
[PlyCount "54"]
[EventDate "2009.04.15"]
[EventType "swiss"]
[EventRounds "7"]
[EventCountry "FRA"]

1. e4 e6 2. d4 d5 3. Nd2 Nf6 4. e5 Nfd7 5. Bd3 c5 6. c3 Nc6 7. Ne2 Qb6 8. Nf3
f6 9. exf6 Nxf6 10. O-O Bd6 11. a3 O-O 12. b4 cxd4 13. cxd4 e5 14. dxe5 Nxe5
15. Nxe5 Bxe5 16. Be3 Qd6 17. Ng3 d4 18. Bc1 Ng4 19. Ra2 Be6 20. Rc2 Qe7 21.
Be2 Nxh2 22. Kxh2 Qh4+ 23. Kg1 Rxf2 24. Rxf2 Bxg3 25. Bf3 Re8 26. Bg5 Qh2+ 27.
Kf1 Bc4+ 0-1

[Event "Open de Brest"]
[Site "Brest"]
[Date "2009.04.12"]
[Round "4.5"]
[White "Schmouchkovitch, Michel"]
[Black "Castel, Efflam"]
[Result "1/2-1/2"]
[WhiteElo "1993"]
[BlackElo "1894"]
[PlyCount "116"]
[EventDate "2009.04.15"]
[EventType "swiss"]
[EventRounds "7"]
[EventCountry "FRA"]

1. d4 d5 2. Nf3 Nf6 3. e3 e6 4. Bd3 c5 5. b3 Nc6 6. O-O Bd7 7. Bb2 Nb4 8. Be2
Be7 9. a3 Nc6 10. Bd3 O-O 11. Nbd2 a6 12. Qe2 b5 13. dxc5 Bxc5 14. c4 bxc4 15.
bxc4 dxc4 16. Nxc4 Qe7 17. Rfc1 Nd5 18. Nce5 Nxe5 19. Nxe5 Bb5 20. Bxh7+ Kxh7
21. Qc2+ Kg8 22. Qxc5 Qxc5 23. Rxc5 Rfc8 24. Rxc8+ Rxc8 25. Rc1 Rxc1+ 26. Bxc1
Nb6 27. Nf3 Nc4 28. Nd4 Bd7 29. e4 Nd6 30. f3 Nb5 31. Nb3 Nd6 32. Kf2 Kf8 33.
Bd2 Nc4 34. Bb4+ Ke8 35. Nd4 f5 36. exf5 exf5 37. h4 g6 38. Ne2 Kf7 39. Nf4 Bc6
40. Ke2 Nb6 41. Kd3 Nd5 42. Nh3 Kf6 43. Kd4 Nc7 44. Kc5 Bb5 45. Bc3+ Ke7 46.
Nf2 Bf1 47. g3 Be2 48. f4 Kd7 49. a4 Ne6+ 50. Kd5 Nc7+ 51. Ke5 Ke7 52. Bb4+ Kf7
53. Nh3 Bd1 54. a5 Ne6 55. Nf2 Be2 56. Kd5 Ng7 57. Be1 Nh5 58. Nh3 Nf6+ 1/2-1/2

[Event "Open de Brest"]
[Site "Brest"]
[Date "2009.04.12"]
[Round "4.6"]
[White "Kerbaol, Jacques"]
[Black "Pascal, Yann"]
[Result "0-1"]
[WhiteElo "1697"]
[BlackElo "1911"]
[PlyCount "138"]
[EventDate "2009.04.15"]
[EventType "swiss"]
[EventRounds "7"]
[EventCountry "FRA"]

1. e4 e5 2. Nf3 d6 3. d4 exd4 4. Nxd4 Nf6 5. Nc3 g6 6. Bg5 h6 7. Bh4 Bg7 8. Qf3
g5 9. Bg3 Bg4 10. Qd3 Nbd7 11. f3 Bh5 12. Nf5 Bf8 13. O-O-O Bg6 14. Qb5 Bxf5
15. exf5 Be7 16. Bc4 O-O 17. f4 Nc5 18. Bb3 c6 19. Qf1 Nxb3+ 20. axb3 d5 21.
fxg5 hxg5 22. h4 g4 23. Qf4 Kh7 24. h5 Qa5 25. Qa4 Bb4 26. Be5 Bxc3 27. Bxc3
Qxa4 28. bxa4 Ne4 29. Be1 Rae8 30. Rh4 Rg8 31. Bd2 Ng3 32. f6 Re6 33. Bc3 Ne2+
34. Kd2 Nxc3 35. Kxc3 Rxf6 36. Rd4 Rf5 37. Rdxg4 Rxg4 38. Rxg4 Rxh5 39. Kd4 b6
40. b4 Kh6 41. g3 f6 42. c3 Re5 43. Rh4+ Kg7 44. Rf4 Kg6 45. Rg4+ Kf7 46. Rh4
Ke6 47. Rh7 a5 48. bxa5 bxa5 49. Ra7 Re4+ 50. Kc5 Rxa4 51. Kxc6 Rc4+ 52. Kb5
Rxc3 53. Rxa5 Rxg3 54. Kb4 Ke5 55. Ra1 Ke4 56. Rd1 f5 57. Kc5 Rd3 58. Re1+ Kf4
59. Rf1+ Kg5 60. Rg1+ Kf6 61. Kd6 f4 62. Re1 f3 63. Rf1 Kf5 64. Kc5 Kf4 65. Rh1
f2 66. Rh8 Ke3 67. Re8+ Kd2 68. Rf8 Ke2 69. Re8+ Re3 0-1

[Event "Open de Brest"]
[Site "Brest"]
[Date "2009.04.12"]
[Round "4.8"]
[White "Dupitier, Mickael"]
[Black "Darrieux, Thomas"]
[Result "1/2-1/2"]
[WhiteElo "1844"]
[BlackElo "1650"]
[PlyCount "40"]
[EventDate "2009.04.15"]
[EventType "swiss"]
[EventRounds "7"]
[EventCountry "FRA"]

1. d4 e6 2. Nf3 Nf6 3. e3 d5 4. Bd3 Nbd7 5. Nbd2 c5 6. c3 a6 7. O-O b5 8. e4 c4
9. Bc2 dxe4 10. Nxe4 Bb7 11. Nxf6+ gxf6 12. Bf4 Nb6 13. Re1 Bd6 14. Bxd6 Qxd6
15. Nd2 Rg8 16. Ne4 Qe7 17. f3 f5 18. Nc5 Qg5 19. Qe2 Bd5 20. a4 Rg6 1/2-1/2

[Event "Open de Brest"]
[Site "Brest"]
[Date "2009.04.12"]
[Round "4.15"]
[White "Lescop, Etienne"]
[Black "Urcun, Gael"]
[Result "1-0"]
[WhiteElo "1620"]
[BlackElo "1700"]
[PlyCount "57"]
[EventDate "2009.04.15"]
[EventType "swiss"]
[EventRounds "7"]
[EventCountry "FRA"]

1. e4 c6 2. d4 d5 3. exd5 cxd5 4. Nf3 Bg4 5. Be2 e6 6. Ne5 Bxe2 7. Qxe2 Qb6 8.
O-O Nf6 9. Re1 Bd6 10. Nxf7 Kxf7 11. Qxe6+ Kg6 12. f4 Qxd4+ 13. Be3 Qe4 14.
Qxd6 Nc6 15. g4 Rad8 16. f5+ Kf7 17. Qe6+ Qxe6 18. fxe6+ Ke7 19. Bc5+ Ke8 20.
Nc3 Nxg4 21. Nb5 Rb8 22. Nd6+ Kd8 23. Nf7+ Kc7 24. Nxh8 Rxh8 25. Rad1 Nf6 26.
Bf2 Kd6 27. c4 Ne4 28. Bg3+ Ne5 29. Rxe4 1-0

[Event "Open de Brest"]
[Site "Brest"]
[Date "2009.04.13"]
[Round "5.1"]
[White "Serralta, Michel"]
[Black "Tafforeau, Romain"]
[Result "1/2-1/2"]
[WhiteElo "2125"]
[BlackElo "1982"]
[PlyCount "43"]
[EventDate "2009.04.15"]
[EventType "swiss"]
[EventRounds "7"]
[EventCountry "FRA"]

1. d4 Nf6 2. c4 e6 3. Nf3 d5 4. Nc3 Be7 5. Bg5 h6 6. Bh4 O-O 7. e3 b6 8. Bd3
Bb7 9. O-O c5 10. Qe2 Nc6 11. cxd5 Nxd5 12. Bxe7 Qxe7 13. Nxd5 exd5 14. Bb5
Rfd8 15. Bxc6 Bxc6 16. Rfd1 Rac8 17. b3 Bb7 18. Rac1 Qd6 19. Qb5 Qc6 20. Qxc6
Rxc6 21. Ne5 Rcc8 22. Nf3 1/2-1/2

[Event "Open de Brest"]
[Site "Brest"]
[Date "2009.04.13"]
[Round "5.2"]
[White "Le Marec, Simon"]
[Black "Todoran, Ion George"]
[Result "0-1"]
[WhiteElo "2063"]
[BlackElo "2195"]
[PlyCount "110"]
[EventDate "2009.04.15"]
[EventType "swiss"]
[EventRounds "7"]
[EventCountry "FRA"]

1. d4 Nf6 2. Nf3 e6 3. e3 c5 4. Bd3 b6 5. Qe2 Bb7 6. e4 c4 7. Bxc4 Nxe4 8. Bd3
Nf6 9. Bf4 Be7 10. g4 O-O 11. Nc3 Nxg4 12. h3 Nf6 13. Rg1 Bxf3 14. Qxf3 Nc6 15.
d5 Nd4 16. Qg2 Ne8 17. Be5 Bf6 18. Qe4 Nf5 19. O-O-O Bxe5 20. Qxe5 Qc7 21. Qxc7
Nxc7 22. Bxf5 exf5 23. d6 Ne6 24. Nd5 Kh8 25. Ne7 g6 26. Rg3 h5 27. Rc3 Kg7 28.
Rc7 Nxc7 29. dxc7 Rfe8 30. Rxd7 Rxe7 31. c8=Q Re1+ 32. Kd2 Rxc8 33. Kxe1 Rxc2
34. Rxa7 Rxb2 35. a4 Ra2 36. Kf1 Kh6 37. Ra6 Kg5 38. Kg2 f4 39. Rxb6 Rxa4 40.
Rb5+ Kh4 41. Rb6 Ra7 42. Rf6 Kg5 43. Rb6 Re7 44. Kf3 Re6 45. Rb5+ Kh4 46. Rb4
Kxh3 47. Rxf4 Re5 48. Rxf7 Rf5+ 49. Rxf5 gxf5 50. Kf4 h4 51. Kxf5 Kg2 52. Kg4
h3 53. f4 h2 54. f5 h1=Q 55. f6 Qh8 0-1

[Event "Open de Brest"]
[Site "Brest"]
[Date "2009.04.13"]
[Round "5.3"]
[White "Le Razavet, Yannick"]
[Black "Baudin, Frederic"]
[Result "1/2-1/2"]
[WhiteElo "1844"]
[BlackElo "2089"]
[PlyCount "54"]
[EventDate "2009.04.15"]
[EventType "swiss"]
[EventRounds "7"]
[EventCountry "FRA"]

1. e4 e5 2. Nf3 Nc6 3. Bc4 Nf6 4. Nc3 Nxe4 5. Nxe4 d5 6. Bxd5 Qxd5 7. d3 Bg4 8.
Be3 Be7 9. h3 Bh5 10. g4 Bg6 11. Ng3 O-O-O 12. Qe2 Nd4 13. Nxd4 exd4 14. Bd2
Bh4 15. O-O Rde8 16. Qd1 Re6 17. Kh2 f6 18. f4 Rhe8 19. Qf3 Qxf3 20. Rxf3 Re2+
21. Nxe2 Rxe2+ 22. Kg1 Rxd2 23. g5 f5 24. Rc1 Bf7 25. Rff1 Bd5 26. Rfd1 Rg2+
27. Kf1 Rh2 1/2-1/2

[Event "Open de Brest"]
[Site "Brest"]
[Date "2009.04.13"]
[Round "5.4"]
[White "Pascal, Yann"]
[Black "Guillerm, Mischa"]
[Result "1-0"]
[WhiteElo "1911"]
[BlackElo "1800"]
[PlyCount "83"]
[EventDate "2009.04.15"]
[EventType "swiss"]
[EventRounds "7"]
[EventCountry "FRA"]

1. e4 c5 2. Nc3 a6 3. g3 d6 4. Bg2 e6 5. Nf3 Nc6 6. d4 cxd4 7. Nxd4 Bd7 8. O-O
Nf6 9. Re1 Qc7 10. a4 Be7 11. h3 O-O 12. Nxc6 Bxc6 13. Be3 Rad8 14. a5 Qb8 15.
Bb6 Rd7 16. Qd4 d5 17. e5 Ne4 18. Rad1 Rc8 19. Ba7 Qc7 20. Bb6 Qb8 21. Rd3 Bd8
22. Na4 Bxa4 23. Qxa4 Bxb6 24. Bxe4 Rdc7 25. axb6 Rc4 26. Qd7 dxe4 27. Rd6 h6
28. Red1 Rxc2 29. Qe7 Rc1 30. Rxc1 Rxc1+ 31. Kg2 Rc8 32. h4 Rf8 33. Qc7 Qe8 34.
Rd7 g5 35. hxg5 hxg5 36. Qxb7 g4 37. Qc7 Kg7 38. b7 Rh8 39. Re7 Qg8 40. b8=Q
Qxb8 41. Rxf7+ Kg6 42. Rf6+ 1-0

[Event "Open de Brest"]
[Site "Brest"]
[Date "2009.04.13"]
[Round "5.5"]
[White "Bremond, Edouard"]
[Black "Castel, Efflam"]
[Result "0-1"]
[WhiteElo "1706"]
[BlackElo "1894"]
[PlyCount "40"]
[EventDate "2009.04.15"]
[EventType "swiss"]
[EventRounds "7"]
[EventCountry "FRA"]

1. e4 e5 2. Nf3 Nc6 3. Bb5 f5 4. Bxc6 dxc6 5. Nc3 Bd6 6. O-O Nf6 7. d3 Qe7 8.
Re1 f4 9. Bxf4 Bg4 10. Be3 O-O-O 11. a4 a6 12. a5 Rhf8 13. Qe2 Nh5 14. Bg5 Nf6
15. Qe3 h6 16. Bxf6 Rxf6 17. Qa7 Rxf3 18. gxf3 Bxf3 19. Qe3 Rf8 20. Ne2 Qh4 0-1

[Event "Open de Brest"]
[Site "Brest"]
[Date "2009.04.13"]
[Round "5.8"]
[White "Darrieux, Thomas"]
[Black "Desbois, Antoine"]
[Result "1/2-1/2"]
[WhiteElo "1650"]
[BlackElo "1956"]
[PlyCount "93"]
[EventDate "2009.04.15"]
[EventType "swiss"]
[EventRounds "7"]
[EventCountry "FRA"]

1. d4 Nf6 2. c4 g6 3. Nc3 Bg7 4. Bg5 d6 5. Nf3 Nbd7 6. e3 h6 7. Bf4 Nh5 8. Bg3
e5 9. Be2 Nxg3 10. hxg3 exd4 11. exd4 Nf6 12. Rc1 c6 13. Qd2 d5 14. cxd5 Nxd5
15. O-O O-O 16. Nxd5 Qxd5 17. Bc4 Qd6 18. Rfe1 Bg4 19. Ne5 Bxe5 20. Rxe5 Kg7
21. f3 Bd7 22. Rce1 Rae8 23. Rxe8 Rxe8 24. Rxe8 Bxe8 25. Kf2 Bd7 26. Qc3 Qf6
27. d5 Qxc3 28. bxc3 cxd5 29. Bxd5 b6 30. Ke3 Kf6 31. Kd4 Ke7 32. Ke5 f6+ 33.
Kd4 Kd6 34. Bb3 Be6 35. Bc4 Bxc4 36. Kxc4 Kc6 37. Kd4 b5 38. c4 bxc4 39. Kxc4
h5 40. g4 h4 41. f4 g5 42. f5 a6 43. a3 Kd6 44. Kd4 Kc6 45. Kc4 Kd6 46. Kd4 Kc6
47. Kc4 1/2-1/2